• 首页
  • 本馆介绍
  • 公告通知
  • 最新文献
  • 馆藏检索
  • 电子资源
  • 读者导购
  • 参考咨询
  • 我的图书馆
  • 登录
  • 详细信息显示
  • 放入我的书架
  • 预约/预借图书
  • 作者相关作品
  • 分类相关作品
  • 丛书相关作品
  • 出版社相关作品

书目信息

  • 表格格式
  • 工作单格式
  • 卡片格式
题名:
戏曲武功教程
    
 
作者: 孙兴作 著
分册:  
出版信息: 北京   中国戏剧出版社  1980
页数: 444页
开本: 21cm
丛书名:
单 册:
中图分类: J81
科图分类:
主题词: 戏剧--舞台艺术
电子资源:
ISBN:
000 00610nam0 2200241 45
001 0180000792
005 20040510081508.2
010    @dCNY1.80
091    @a8069.18
100    @a19950626d1980 em y0chiy0121 ea
101 0  @achi
102    @aCN@b110000
105    @ay z 000yy
106    @ar
200 10 @a戏曲武功教程@Axi qu wu gong jiao cheng@f孙兴作著
210    @a北京@c中国戏剧出版社@d1980
215    @a444页@d21cm
606 0  @a戏剧@x舞台艺术
690    @aJ81
701  0 @a孙兴作@Asun xing zuo@4著
801  0 @aCN@b上海图书馆@c20040510
801  2 @aCN@bNLC@c20040510
905    @f1@b36653@dJ81@e4
    
    戏曲武功教程/孙兴作著.-北京:中国戏剧出版社,1980
    444页;21cm
    
    
    ISBN :CNY1.80
    
●
相关链接 在E读中查询图书 在五车中查询图书 在当当中查询图书 在豆瓣中查询图书


正题名:戏曲武功教程     索取号:J81/4         预约/预借

序号 登录号 条形码 馆藏地/架位号 状态 备注
1 0036653   001224099   第一借阅区/ [索取号:J81/4] 在馆    
2 0036655   001224151   第一样本阅览室/ [索取号:J81/4] 在馆    
唐山师范学院图书馆 欢迎您!
大连网信软件有限公司© 版权所有